000 00436nam a2200169Ia 4500
008 241115s9999 xx 000 0 und d
020 _a0-13-271131-1
082 _a621.3817 HOW
100 _aHowe, Roger T.
245 0 _aMicroelectronics: an integrated approach
250 _a.NA
260 _aNew York:
_bPrentice hall,
_c1997.
300 _axx, 908p.
600 _aElectrical Engineering
650 _aTechnology
942 _cBBD
999 _c24650
_d24650